[Event "Bundesliga 9900"]
[Site "Germany"]
[Date "2000.03.13"]
[Round "13.1"]
[White "Nielsen, Peter Heine"]
[Black "Hracek, Zbynek"]
[Result "1-0"]
[WhiteElo "2564"]
[BlackElo "2620"]
[Annotator "Wells,P"]
[PlyCount "47"]
[EventDate "1999.10.09"]
[EventType "team-tourn"]
[EventRounds "15"]
[EventCountry "GER"]
[SourceTitle "CBM 076"]
[Source "ChessBase"]
[SourceDate "2000.05.31"]
[SourceVersion "1"]
[SourceVersionDate "2000.05.31"]
[SourceQuality "1"]
[WhiteTeam "Wattenscheid"]
[BlackTeam "Werder Bremen"]
[WhiteTeamCountry "GER"]
[BlackTeamCountry "GER"]

1. d4 Nf6 2. c4 e6 3. Nc3 Bb4 4. Nf3 b6 5. Qb3 c5 6. a3 (6. Bg5 $5 Bb7 7. a3 (
7. O-O-O Bxc3 8. Qxc3 Ne4 9. Bxd8 Nxc3 10. bxc3 Kxd8 11. d5 Ke7 $13) (7. Rd1
O-O 8. e3 cxd4 9. exd4 Bxc3+ 10. bxc3 Qc7 $1 $13 {Alterman,B - Gelfand,B/ Tel
Aviv 1999 ( CBM 71/Alterman ).}) 7... Ba5 8. dxc5 $6 Na6 9. cxb6 Nc5 10. Qc2
Be4 11. Qd1 Bxc3+ 12. bxc3 Qxb6 $32 13. g3 Ng4 14. Qd4 O-O 15. Be7 Qb2 16. Rd1
Nb3 17. Qxe4 Qxc3+ 18. Nd2 Nxd2 19. Rxd2 Qa1+ 20. Rd1 Qc3+ 21. Rd2 Qc1+ 22. Rd1
Qxd1+ 23. Kxd1 Nxf2+ 24. Kc2 Nxe4 25. Bxf8 Rxf8 $17 {0-1 Van Wely,L-Seirawan,Y/
Hoogovens Tournament, Wijk aan Zee NED 1994 (44)}) 6... Ba5 7. Bg5 h6 ({
The theoretical debate which the players decide to enter has obvious
similarities with the famous tactics arising from} 7... Nc6 8. O-O-O $1 (8. e3
{is not in the spirit of the position} h6 9. Bxf6 Qxf6 10. Rd1 O-O 11. Be2 Ba6
12. O-O Bxc3 13. Qxc3 cxd4 14. Nxd4 Nxd4 15. Rxd4 d5 $11 {1/2-1/2 Pieterse,
G-Hoeksema,E/Nederlands ch. 1991 (18)}) 8... Bxc3 9. d5 $1 {This fine tactical
thrust has brought this system's no.1 specialist Yasser Seirawan fine results
and a host of entertaining chess. However, the question remains whether it is
sufficient to haul in a theoretical plus,} ({an important one since} 9. Qxc3
cxd4 (9... Ne4) 10. Nxd4 Ne4 11. Bxd8 Nxc3 12. bxc3 Nxd8 {almost certainly
does not.}) 9... Be5 $1 (9... exd5 10. cxd5 Be5 11. dxc6 Qe7 12. cxd7+ Bxd7 13.
e3 Rd8 14. Rxd7 $1 Rxd7 15. Bb5 {[%csl Rd7,Re5,Re8]} Bd6 16. Rd1 O-O 17. Bxd7
Qxd7 18. Bf4 $18 c4 19. Qc2 Ne8 20. Ng5 f5 21. Qxc4+ Kh8 22. Bxd6 Nxd6 23. Qd5
Rd8 24. Ne6 Qc8+ 25. Kb1 Rd7 26. Qxd6 {1-0 Seirawan,Y-Timman,J/Hilversum 1990/
CBM 21 (26)}) 10. dxc6 Bc7 $1 {Again the only chance to test white's concept} (
{Weaker is} 10... Qc7 11. g3 {[%csl Yf4]} Bd6 12. Bg2 dxc6 13. Rxd6 $3 {
[%csl Rc6,Ye5][%cal Yf3e5]} Qxd6 14. Rd1 Qc7 15. Bf4 Qb7 16. Ne5 Bd7 17. Rxd7
$1 Nxd7 18. Bxc6 Qa6 19. Nxd7 Qc8 20. Ba4 Ke7 21. Qd3 f6 22. Qd6+ Kf7 23. Ne5+
fxe5 24. Bd7 Qd8 25. Qxe6+ Kf8 26. Bxe5 g6 27. Bf6 {1-0 Seirawan,Y-Zarnicki,P/
Buenos Aires 1993/Inf 57 (27)}) 11. g3 (11. e3 $5 h6 12. Bh4 Qe7 13. Qa4 d6 14.
Bd3 g5 15. Bg3 Nh5 16. Be2 f5 17. Nd2 Nf6 18. h4 g4 19. f3 {White's attempts
to nibble at black's extended king-side pawns acquire a certain potency from
the unusual feature of a white pawn at c6. In short, black has to think twice
about otherwise desirable moves which would rule out short castling.} h5 {
[%csl Rg5]} (19... Rg8 {[%csl Yc6,Re8]}) 20. Nb1 a6 21. Nc3 O-O 22. Bf4 Rb8 23.
Bh6 Rf7 24. Bg5 Qf8 25. e4 $16 {1-0 Soppe,G-Debarnot,R/Buenos Aires Konex 1991/
TD 91\09 (35)}) 11... h6 12. Bf4 Bxf4+ 13. gxf4 Qc7 14. cxd7+ Nxd7 15. e3 Bb7
16. Be2 g5 $1 17. fxg5 hxg5 18. Rhg1 f6 19. h4 {Does not look quite sound,
although If white leaves his opponent's structure in peace, then black is very
comfortable.} gxh4 20. Rg7 O-O-O 21. Qc2 f5 $2 (21... h3 $5 $132) 22. Ng5 Qe5
23. Rg6 Rhg8 24. Rxe6 Qg7 25. f4 h3 26. Nxh3 Be4 27. Rxe4 $1 fxe4 28. Qxe4 Nb8
29. Ng5 Rxd1+ 30. Bxd1 Qd7 31. Qd5 Rd8 32. Bf3 Qe7 33. Bg4+ Nd7 34. Qa8+ Kc7
35. Ne6+ {1-0 Seirawan,Y-Browne,W/Mechanics Institute Bronstein Rapidplay 1999
(35)}) ({Personally I am in little doubt that} 7... Bb7 $1 {is the most solid
and logical choice.} 8. e3 (8. Rd1 O-O 9. e3 Bxc3+ 10. bxc3 h6 11. Bh4 Qe7 12.
Be2 d6 13. O-O Nc6 $5 {[%csl Rc4][%cal Gc6a5]} 14. Nd2 Na5 15. Qb1 Rac8 16. e4
e5 17. d5 Rb8 18. Rfe1 Ba6 19. Nf1 {1/2-1/2 Wells,P-Thinius,M/Germany 1998/
GER-chT (45) and white will get reasonable compensation for a pawn. I suspect
that this ..Nc6-a5 approach might be the most promising, and was not
enthusiastic about my position during the game.}) (8. O-O-O {is probably not a
serious challenge} Bxc3 $1 9. Qxc3 Ne4 10. Bxd8 Nxc3 11. bxc3 Kxd8 12. d5 Ke7
13. e4 d6 14. Bd3 (14. e5 $5) 14... Nd7 15. Rhe1 Rad8 $13 {1-0 Gretarsson,
H-Hjartarson,J/Leeuwarden op 1995/CBM 48 (53)}) (8. dxc5 $6 {is weak and was
dealt with in the note to 6 Bg5 above.}) (8. e3 cxd4 (8... h6 9. Bh4 O-O 10.
Rd1 cxd4 11. Rxd4 Bxf3 {Black at least prevents white's aggressive intentions
with Rf4 coming into fruition. However, even with the more modest rook retreat,
the bishop pair should secure an edge.} (11... Nc6 12. Rf4 $1 $40) 12. gxf3 Nc6
13. Rd2 Ne5 14. Be2 Ng6 15. Bg3 $14 Ne8 16. Qc2 Bxc3 17. Qxc3 f5 18. Qd3 $36 {
1-0 Sokolov,I-Janssen,R/Nederland (ch) 75/456 1999/Inf 75 (55)}) (8... O-O 9.
Rd1 cxd4 (9... Bxc3+ $5 10. bxc3 Qe7 11. Be2 d6 12. O-O Nbd7 {On the basis of
my game with Thinius, I would regard} (12... Nc6 $5 {as more challenging.
Adams heads for a set-up which appears rather passive.}) 13. Nd2 Rfc8 14. f3 h6
15. Bh4 Qe8 16. e4 Nh5 17. f4 f5 18. d5 Nhf6 19. Bf3 fxe4 20. Nxe4 Nxe4 21.
Bxe4 exd5 22. Bf5 $40 {0-1 Seirawan,Y-Adams,M/Bermuda 1999/CBM 69 (41)}) 10.
Rxd4 $1 Nc6 11. Rf4 $1 $40 {Subtle it is not, but rather effective.} Ne7 12.
Rxf6 $1 h6 {1/2-1/2 Seirawan,Y-Adams,M/Bermuda 1999/CBM 69 (25) and now} 13.
Bh4 {led to huge complications in which white later went astray and conceded
the draw, but from the theoretical angle} (13. Bxh6 $5 $16 {is enough to close
the debate. Black has no compensation whatsoever.})) 9. Nxd4 (9. exd4 $5) 9...
O-O 10. Qc2 Bxc3+ 11. Qxc3 d5 12. cxd5 Qxd5 13. Bxf6 Rc8 $1 {Until now the
same as the last of Mickey's several shots at this system in the match with
Seirawan. The defence is not too ambitious, but seems rather sound.} 14. Qb4
gxf6 15. Nb5 Rc2 16. Rd1 Nc6 17. Qg4+ Qg5 18. Qxg5+ fxg5 19. Nd6 Rb8 20. Nxb7
Rxb7 21. Rd2 Rc1+ 22. Rd1 Rc2 23. Rd2 {1/2-1/2 Sokolov,I-Adams,M/Dortmund 1999/
CBM 72 (23)})) 8. Bh4 Nc6 ({The double-edged nature of this variation can be
assessed by that fact that such side-lines as} 8... g5 $6 9. Bg3 g4 10. Nd2
cxd4 11. Nb5 Bxd2+ 12. Kxd2 Ne4+ 13. Ke1 $16 Nxg3 $140 14. Qxg3 {are crucial
to its viability.}) 9. O-O-O (9. d5 $6 Nd4 $36) 9... g5 (9... Bxc3 10. Qxc3 (
10. d5 $5 Be5 11. dxc6 Bc7 12. e3 {Wells - see Soppe - Debarnot above.}) 10...
cxd4 11. Nxd4 Ne4 {is well met by the elegant} 12. Qh3 $1 Qc7 13. Nb5 Qe5 14.
Qe3 f5 15. f4 Qb8 16. g4 O-O 17. Bg2 d5 18. gxf5 exf5 19. cxd5 Ba6 20. Nc3 Na5
21. d6 Nc4 22. Qd4 {1-0 Seirawan,Y-Timman/(3) 1990 (22)}) 10. Bg3 Bxc3 11. d5
$1 $146 {Here it is again, and it looks even stronger for the weaknesses in
black's king-side. Strangely it is novelty here.} (11. Qxc3 Ne4 12. Qc2 Nxg3
13. hxg3 cxd4 (13... g4 14. d5 gxf3 15. dxc6 Qg5+ 16. e3 dxc6 17. gxf3 {
[%csl Rc6] An extraordinary structure, but it is c6 that looks the target pawn.
} Bd7 18. Qc3 O-O-O 19. f4 Qe7 20. Bg2 $14 {1/2-1/2 Churin,L-Ginzburg,M/San
Jorge 1993/EXT 99 (48)}) 14. Nxd4 Nxd4 15. Rxd4 Bb7 16. e3 Qf6 17. Kb1 Rc8 (
17... O-O-O 18. c5 $40) 18. Qd2 Rc7 19. f3 Kd8 20. Be2 Kc8 21. g4 {1-0
Gheorghiu,F-Leuba,D/Suhr 1991/CBM 22 (39) with perhaps a slight edge for white.
}) 11... exd5 12. cxd5 Nxd5 13. Rxd5 (13. Qxd5 Bg7 14. h4 {also looks
interesting.}) 13... Bg7 {[%csl Yd5,Yg3] I suppose that 11 d5 had not been
played here due to uncertainty surrounding white's compensation in this
position. In fact, the king-side weaknesses are quite accesible, and white's
pieces are well placed.} 14. h4 $44 g4 15. Ne5 Nxe5 16. Bxe5 O-O 17. Bxg7 Kxg7
18. Qg3 f5 $6 {[%csl Rf6,Rg6,Rh6] This looks rather ambitious.The cost of
retaining a pawn advantage is a serious weakening of the 6th rank around the
king.} (18... d6 $5 19. Rxd6 Qe7 $14) 19. e4 {[%mdl 128]} Bb7 20. Rd6 Qe7 (
20... Bxe4 21. f3 Bc6 22. fxg4 Rf6 $8 23. g5 $40) 21. Bb5 Rad8 22. Rhd1 Bc6 23.
exf5 $1 Bxb5 24. Qxg4+ {A surprisingly swift denouement, and a clinical
demonstration of the exploitation of weaknesses around the king.} (24. Qxg4+
Kh7 25. Rxh6+ $18) 1-0

[Event "RUS-ch 53rd"]
[Site "Samara"]
[Date "2000.06.26"]
[Round "10"]
[White "Ionov, Sergey"]
[Black "Tunik, Gennady"]
[Result "1-0"]
[WhiteElo "2558"]
[BlackElo "2442"]
[Annotator "Wells,P"]
[PlyCount "57"]
[EventDate "2000.06.03"]
[EventType "swiss"]
[EventRounds "11"]
[EventCountry "RUS"]
[SourceTitle "CBM 078"]
[Source "ChessBase"]
[SourceDate "2000.10.18"]
[SourceVersion "1"]
[SourceVersionDate "2000.10.18"]
[SourceQuality "1"]

1. d4 Nf6 2. c4 e6 3. Nf3 b6 4. Nc3 Bb4 5. Qb3 a5 6. Bg5 h6 7. Bh4 Bb7 8. e3 d6
9. Bd3 Nbd7 10. O-O-O Bxc3 11. Qxc3 g5 12. Bg3 Ne4 13. Bxe4 Bxe4 14. Rhg1 f5
15. Nd2 Bb7 16. f3 Qf6 17. Rge1 O-O-O 18. e4 f4 19. Bf2 c5 $2 20. e5 $1 cxd4
21. Bxd4 dxe5 22. Rxe5 {Of course. The bishop which will land on e5 as a
product of this 'exchange' is a monster.} Nxe5 23. Bxe5 Qf8 24. c5 $1 {[%csl
Rc8,Ye5][%cal Ye5b8,Ye5h8,Yd2c4,Yc4b6][%mdl 1024] Yes, the rook on h8 could
only dream of enticing the e5 bishops intentions!} bxc5 ({However,the 'threat'
to take on h8 does have use in the variation} 24... Qxc5 25. Bxh8 Rxh8 26. Nc4
$1 {[%cal Gc4b6,Gc3h8] Double attack!}) 25. Nc4 {[%csl Rc8]} Rxd1+ 26. Kxd1 Rg8
27. Nb6+ Kd8 28. Qd3+ Bd5 29. Qh7 $1 1-0

[Event "Moscow Aeroflot op"]
[Site "Moscow"]
[Date "2002.02.06"]
[Round "3"]
[White "Poluljahov, Aleksandr"]
[Black "Khurtsidze, Nino"]
[Result "1-0"]
[WhiteElo "2527"]
[BlackElo "2434"]
[Annotator "Wells,P"]
[PlyCount "87"]
[EventDate "2002.02.04"]
[EventType "swiss"]
[EventRounds "9"]
[EventCountry "RUS"]
[SourceTitle "CBM 088"]
[Source "ChessBase"]
[SourceDate "2002.03.21"]
[SourceVersion "1"]
[SourceVersionDate "2002.03.21"]
[SourceQuality "1"]

1. d4 Nf6 2. Nf3 e6 3. c4 b6 4. Nc3 Bb4 5. Qb3 c5 6. Bg5 Nc6 {Never liked this
move. It seems to me white gets myriad tactical chances.} 7. d5 Na5 8. Qc2 h6
9. Bh4 d6 10. Nd2 e5 11. e4 Bxc3 $6 12. Qxc3 Nxd5 $2 {I'm not crazy about
black's position anyway, but this tactic, very typical in all kinds of Qc2/Qb3
Nimzos and Nimzo hybrids should be examined very carefully when it involves
reliance on moves such as ...g7-g5 which are in this case very weakening.
Probably black thought she could find time to make a consolidating move before
recouping the material. 15 f4! is a rude awakening.} 13. Qg3 g5 14. exd5 f5 (
14... gxh4 15. Qg7 Rf8 16. Ne4 $40) 15. f4 $1 gxh4 $8 (15... exf4 16. Qc3 {
[%cal Yh4f2]}) 16. Qg6+ Kf8 17. fxe5 dxe5 18. Bd3 Qg5 19. Qxg5 hxg5 20. Bxf5 $1
$16 Ke7 21. O-O Rf8 22. Bxc8 Raxc8 23. b3 b5 24. cxb5 Kd6 25. Rad1 Rxf1+ 26.
Kxf1 c4 27. Ne4+ Kd7 28. b4 Nb7 29. Ke2 Nd6 30. Nc5+ Ke7 31. a4 Nf5 32. Kd2 Rd8
33. Kc3 Ne3 34. Re1 Nxd5+ 35. Kxc4 Nb6+ 36. Kb3 Rd5 37. a5 Nc8 38. Ne4 Rd3+ 39.
Kc4 Rd4+ 40. Kc5 g4 41. Nc3 Ke6 42. Rd1 Rxd1 43. Nxd1 e4 44. b6 1-0

[Event "FIDE-Wch k.o."]
[Site "Moscow"]
[Date "2001.12.03"]
[Round "4.1"]
[White "Bareev, Evgeny"]
[Black "Ehlvest, Jaan"]
[Result "1-0"]
[WhiteElo "2719"]
[BlackElo "2626"]
[Annotator "Wells,P"]
[PlyCount "87"]
[EventDate "2001.11.27"]
[EventType "k.o."]
[EventRounds "7"]
[EventCountry "RUS"]
[SourceTitle "CBM 086"]
[Source "ChessBase"]
[SourceDate "2002.02.05"]
[SourceVersion "1"]
[SourceVersionDate "2002.02.05"]
[SourceQuality "1"]

1. d4 Nf6 2. c4 e6 3. Nf3 Bb4+ 4. Nbd2 b6 5. a3 Bxd2+ 6. Qxd2 O-O 7. g3 Ba6 8.
Qc2 Bb7 9. Bg2 d6 10. O-O Nbd7 11. b4 a6 12. Bb2 Be4 13. Qb3 b5 {A standard
enough procedure for gaining space on the white squares. However, without
trying to look too hard at the theoretical assessment, suffice to say that
black's rash 19th move suggests that he later found the mobile pawn on c5 an
inconvenience.} 14. c5 a5 15. Rfc1 Qb8 16. Bf1 {A standard procedure for
preparing to attack the bishop on e4. Of course white must avoid the exchange
of light-squared bishops at all costs.} h6 (16... Qb7 $5 {[%cal Yf3d2,Yf3g5,
Ge4d5,Gd5c6] Knowing the rest of the game it is difficult not to have the
feeling that the bishop is sorely missed from the a8-h1 diagonal.}) 17. Nd2 Bg6
18. e3 a4 19. Qd1 dxc5 {Smacks of impatience. However, white has clearly
neutralised black's hoped for light square initiative in any case, and the
bishop pair and space advantage offers excellent long term prospects. am
reminded of the discussion ( inspired by John Watson ) from my previous column
on 'Combatting the Bishop Pair' in which it was mentioned how often,
apparently in contradiction of the recieved wisdom, black follows up conceding
the bishop pair by going on to open the position. The justification was
two-fold. As well as the fact that the immediate compensation for the bishops
often took the form of a developmental plus, the sort of 'temporary'
initiative which will dissipate if the position remains closed, there was also
the claim that an opening of the position is necessary for knights to find the
kind of outposts essential to their well-being. This is very much the crux of
the matter here. 19...dxc5? is not so much a full opening of the position as
the opening of a diagonal which scarcely contributes to black's knights' hopes
of finding good squares. It is the failure to find outposts which eventually
sees black's pieces driven back in a kind of spatial nightmare scenario.} 20.
dxc5 c6 21. Bg2 Nd5 22. e4 N5f6 23. f4 Qc7 24. Bf3 Rad8 25. Qe2 Kh8 26. Rd1 Ng8
27. Nf1 Ne7 28. Ne3 f6 29. Rd6 Nc8 30. Rd2 Rfe8 31. Rad1 $18 {White enjoys a
domination which is absolute.} Nf8 32. e5 Rxd2 33. Qxd2 f5 34. Qg2 Ne7 35. Rd6
Nd5 36. Nc2 Rd8 37. Nd4 Be8 38. Qe2 Ne7 39. Nxe6 Nxe6 40. Rxe6 Nc8 41. Bh5 Bd7
42. Rd6 Be8 43. Rxd8 Qxd8 44. e6 1-0

[Event "SWE-ch"]
[Site "Linkoping"]
[Date "2001.07.01"]
[Round "1"]
[White "Eriksson, Anders"]
[Black "Agrest, Evgenij"]
[Result "0-1"]
[WhiteElo "2335"]
[BlackElo "2532"]
[Annotator "Ziegler,A"]
[PlyCount "78"]
[EventDate "2001.06.30"]
[EventType "tourn"]
[EventRounds "13"]
[EventCountry "SWE"]
[EventCategory "8"]
[SourceTitle "CBM 085"]
[Source "ChessBase"]
[SourceDate "2001.11.13"]
[SourceVersion "1"]
[SourceVersionDate "2001.11.13"]
[SourceQuality "1"]

1. d4 e6 2. c4 Nf6 3. Nf3 b6 4. Nc3 {Här spelar man normalt a3 eller g3. Sc3
anses inte ge svart några större problem. Nu har svart möjligheten att behålla
en Damindisk karaktär med Lb7 eller länka över partiet till Nimzoindiskt med
Lb4. Evgenij väljer det senare.} Bb4 5. Qb3 {Akademiskt sett är det sällan Db3
ger svart några problem i Nimzoindiskt. Här är 5.Lg5 (Leningradvarianten)
vanligare.} a5 (5... c5 {Spelar de flesta här och uppriktigt talat så har jag
aldrig riktigt kommit att förstå mig på draget a5 i Bogo-, Nimzoindiskt. Det
är en sorts dynamik som går mig förbi. Uppenbart är att det på ett tidigt
stadium bromsar upp vits damflygelexpansion.}) 6. e3 ({Här gick sista tåget
till tufft spel med} 6. Bg5 {vilket Khalifman har spelat.}) 6... O-O {Lite
otypiskt av Agrest. Annars väntar han gärna med rockaden så länge som möjligt.}
7. Bd3 Bb7 8. a3 a4 ({Alternativet var att spela lite mjukt med:} 8... Bxc3+ 9.
Qxc3 Ne4 10. Qc2 f5 {Och få en ställning som påminner om Holländskt på ett bra
sätt.}) 9. Qc2 Bxc3+ 10. bxc3 {[#] Ett bra drag tycker jag. Om vit vill ha
någon chans att vinna partiet måste han bryta symmetrin. Att ta med damen ger
en försämrad variant av ovan eftersom vit aldrig kan expandera på damflygeln.}
d6 11. e4 {Rätt igen. Vit har sämre struktur och löparparet. Då kan man inte
ägna sig fågelskåderi. Nu hotar vit e5.} Nfd7 ({Det var inte nödvändigt att
förbereda ...e5 med det något passiva springardraget, eftersom vit knappast
kan ta e5-bonden:} 11... e5 12. O-O (12. dxe5 $6 dxe5 13. Nxe5 Re8 14. f4 Nbd7
15. Nxd7 (15. O-O $6 Nc5) 15... Qxd7 16. e5 (16. O-O $2 Rad8 {Och svart står
redan på gränsen till vinst.}) 16... Rad8 {Och svart har fin kompensation för
bonde. Det blir svårt för vit att hålla både c4 och g2.}) 12... Re8 ({eller} 
12... Qe8 {ger svart helt tillfredsställande spel.})) 12. O-O e5 13. Bg5 ({
Löparen ville ut, men kanske skulle fältherren lugnat den ivrige soldaten en
smula och lagt in en liten smygare :} 13. Rb1 {Vit hotar ibland c5 och ibland
Tb4Xa4.}) 13... Qe8 {Det fanns inget rimligt alternativ. ...f6 hade försvagat
strukturen i onödan.} 14. Nd2 Nc6 {Logiskt. Vit lämnade garderingen av
d4-punkten och då passar svart på att angripa den.} 15. Be3 Nf6 {Svart börjar
kravla sig ut igen.} 16. f3 {Vit önskar som bekant att spelet skall öppnas och
då ligger c4-c5 nära till hands. Men han är lite orolig för att ...Sg4 skall
komma.} ({Det är lätt att vara modig i efteranalysen. (Förvisso, skulle inte
modet finnas då, ligger man risigt till.) Alltså, låt oss titta lite på det
omedelbara:} 16. c5 bxc5 17. dxc5 Ng4 18. Bg5 {Vad det hela handlar om är
hurivida vit kan offra bonde eller ej.} dxc5 {Vid en första titt verkar det
inte finnas mycket för vit att vara rädd för. både a4 och d5 bönderna är
offerlamm, men låt oss gå vidare.} 19. Rab1 {Logiskt.} Ba6 {Man vill ju inte
gardera löparen.} 20. Bxa6 Rxa6 21. f3 Nf6 22. Bxf6 gxf6 {[#]Om vi håller oss
till tummregeln att en dubbelbonde endast är värd 11/2 bönder så får vi dra av
en poäng för svart, dvs vi har en materiellt lika ställning. Men hur står det
till med koordinationen? Ja, vit är bättre koordinerad och alltså står han
bättre.}) 16... Nh5 ({Ett annat sätt att ge sig på f4 fältet var:} 16... Nd8 {
Detta eftersom svart aldrig behöver vara orolig för d4-d5.}) 17. c5 {Rätt.}
bxc5 18. dxc5 Na5 {Nu är det barnförbjudet. Det är sånt här som barnen aldrig
får se i läroböckerna. Total decentralisering av springarna. Hade mina elever
spelat så hade de fått en skarp tillsägelse.} 19. cxd6 cxd6 20. Rab1 Bc6 21.
Nc4 Nxc4 22. Bxc4 {[#] Vit har spelat mycket bra så långt. Ställningen är
halvöppen vilket gynnar löparparet. Svart pjäser söker fortfarande varandra.
Hur skall vit fortsätta? Ett sätt är att ge sig på de svaga punkterna, vilket
är a4 och d6, ett annat är att förbättra den sämsta pjäsen vilket är tornet på
f1. På kort sikt finns det ett drag som kombinerar båda önskemålen samtidigt.
Tornet till b6! Maximalism!} Qe7 23. Rb6 Qc7 24. Rxc6 $6 {Vit söker tryggheten
alldeles för tidigt. Nu försvinner i princip alla vits vinstchanser. Att
behålla löparna var bättre.} (24. Rfb1 Nf6 {Springaren måste tillbaka in i
spelet.} (24... Rab8 {Är inget att vara rädd för. Vit tål ett tornbyte.}) 25.
Qd3 Nd7 26. R6b4 {Och vit har fortfarande pressen.}) 24... Qxc6 25. Bd5 Qc7 26.
Bxa8 Rxa8 27. Rb1 h6 {Svart tar det lugnt. Han ser att i värsta fall kan han
ställa tornet på a6 och damen på c6 för att gardera a4 och d6, och i sådana
fall är matten på sista raden det enda att oroa sig för.} 28. c4 Nf6 29. Qd3 {
Vit tvekar igen, han måste uppehålla svart med hot.} (29. Rb4) 29... Rc8 30.
Rb4 Qc6 31. h3 Kh7 32. Qc2 Ra8 33. Kh2 Ra6 {[#] Nu är svart trygg, och
springaren kan börja leta efter positioner.} 34. c5 {Vit hittar inget
konstruktivt utan söker remin.} Nd7 35. Rc4 dxc5 36. Bxc5 Nxc5 37. Rxc5 Qf6 {
Ställningen är lika. Det enda båda spelarna måste tänka på är att försvara
kungen.} 38. Qc1 Rd6 39. Rc4 Qh4 {Anders har nu 15 sekunder kvar på klockan,
men det händer inget. När han slår bonden på a4 faller kläppen.} 0-1